000 00647nam a2200205 a 4500
001 000021252
005 20240516194749.0
008 100902s1998 ve a r 000 | spa d
020 _a9800110704
040 _aDO-SdBNP
_bspa
_cBNPHU
082 _a641.5
_bC755a
100 1 _aConsalvi, Astrid
_944420
245 1 3 _aEl arte de la cocina /
_cAstrid Consalvi; prólogo, Elizabeth Haslam.
260 _aCaracas :
_bMonte Ávila Editores Latinoamericana ,
_c1998.
300 _axiv, 295 p. :
_bil. ;
_c20 cm.
650 0 _aCocina
_9360
650 4 _aAlimentos silvestres (cocina)
_944421
700 1 _aHaslam, Elizabeth
_epról.
_944422
049 _aBNGR
999 _c20752
_d20752